Statistiques concernant Effectif de l'OM 2013-14

Cliquez ici pour prendre le quiz!

Statistiques générales

  • Ce quiz a été pris 47 fois
  • Le résultat moyen est 13 sur 36

Statistiques - réponses

HintRéponse% Correct
Gardien - FrançaisSteve Mandanda
100%
Ailier - GhanéenAndré Ayew
88%
Attaquant - GhanéenJordan Ayew
88%
Attaquant - FrançaisAndré-Pierre Gignac
83%
Meneur de jeu - FrançaisDimitri Payet
76%
Ailier - FrançaisFlorian Thauvin
68%
Def Central - CamerounaisNicolas N'Koulou
63%
Milieu défensif - FrançaisBenoît Cheyrou
54%
Meneur de jeu - FrançaisMathieu Valbuena
54%
Def Central - SénégalaisSouleymane Diawara
54%
Milieu défensif - GabonaisMario Lemina
46%
Latéral - IvoirienBrice Dja Djedje
41%
Gardien - FrançaisBrice Samba
41%
Latéral - FrançaisRod Fanni
41%
Milieu défensif - TogolaisAlaixys Romao
39%
Latéral - FrançaisJeremy Morel
37%
Latéral - ComorienKassim Abdallah
37%
Def Central - BrésillienLucas Mendes
37%
Attaquant - TunisienSaber Khalifa
32%
Milieu défensif - FrançaisGiannelli Imbula
29%
Latéral - FrançaisBenjamin Mendy
24%
Meneur de jeu - FrançaisMorgan Amalfitano
24%
Def Central - Néo-ZélandaisBill Tuiloma
22%
Def Central - FrançaisBaptiste Aloé
17%
Gardien - FrançaisGennaro Bracigliano
17%
Meneur de jeu - AlgérienFoued Kadir
15%
Attaquant - SénégalaisModou Sougou
15%
Milieu offensif - GabonaisAlexander N'Doumbou
12%
Milieu offensif - FrançaisLaurent Abergel
10%
Milieu défensif - ComorienRafidine Abdullah
10%
Milieu défensif - SénégalaisMomar Bangoura
7%
Attaquant - AlgérienBillel Omrani
5%
Attaquant - GhanéenKevin Osei
5%
Attaquant - FrançaisFlorian Raspentino
2%
Def Central - TogolaisSenah Mango
2%
Attaquant - AlgérienAbderrahmane Yousfi
0%

Distribution des résultats

Percentile par nombre de réponses

% des personnes avec chaque résultat

Votre développement - résultats

Vous n’avez pas pris ce quiz